书目信息 |
| 题名: |
秦皇岛港史
|
|
| 作者: | 黄景海 , 奚学瑶 主编 | |
| 分册: | ||
| 出版信息: | 北京 人民交通出版社 1985 |
|
| 页数: | 376页 | |
| 开本: | 20cm | |
| 丛书名: | 中国水运史丛书 | |
| 单 册: | ||
| 中图分类: | F552.9 | |
| 科图分类: | ||
| 主题词: | 水路运输--运输经济--经济史--中国 | |
| 电子资源: | ||
| ISBN: | ||
| 000 | 00846nam2 2200277 45 | |
| 001 | 0185002466 | |
| 005 | 20050404143438.6 | |
| 010 | @b精装@dCNY5.10 | |
| 091 | @a15014.10006 | |
| 100 | @a19930426d1985 em y0chiy0121 ea | |
| 101 | 0 | @achi |
| 102 | @aCN@b110000 | |
| 105 | @af z 000yy | |
| 200 | 10 | @a秦皇岛港史@Aqin huang dao gang shi@e古、近代部分@EGu、Jin Dai Bu Fen@f黄景海,奚学瑶主编@FHuang Jing Hai,Xi Xue Yao Zhu Bian |
| 210 | @a北京@c人民交通出版社@d1985 | |
| 215 | @a376页@c图@d20cm | |
| 225 | 2 | @a中国水运史丛书 |
| 410 | 0 | @120010@a中国水运史丛书 |
| 517 | @a古、近代部分@AGu、Jin Dai Bu Fen | |
| 606 | @a水路运输@x运输经济@x经济史@x中国 | |
| 690 | @aF552.9@v3 | |
| 701 | 0 | @a黄景海@4主编 |
| 701 | 0 | @a奚学瑶@4主编 |
| 801 | 0 | @aCN@b深圳图书馆@c20050404 |
| 801 | 2 | @aCN@bNLC@c20050404 |
| 905 | @f1@b157473@dF552.9@e1 | |
| 秦皇岛港史:古、近代部分/黄景海,奚学瑶主编.-北京:人民交通出版社,1985 |
| 376页:图;20cm.-(中国水运史丛书) |
| ISBN (精装):CNY5.10 |
| ● |
| 相关链接 |
|
|
|
|
正题名:秦皇岛港史
索取号:F552.9/1
 
预约/预借
| 序号 | 登录号 | 条形码 | 馆藏地/架位号 | 状态 | 备注 |
| 1 | 0157473 | 002007321 | 第一借阅区/ [索取号:F552.9/1] | 在馆 | |
| 2 | 0157474 | 000487253 | 第一样本阅览室/ [索取号:F552.9/1] | 在馆 |